Odhad hodnoty zdravotníckeho zariadenia

Stanovenie hodnoty zdravotníckeho zariadenia zameraného na poskytovanie zdravotníckych služieb, ktoré je prevádzkované, vrátane portfólia pacientov, vnútorného vybavenia ordinácií a súhrnného nehmotného majetku, ktorý je zabezpečovaný jednotlivými lekármi. Postup pri ohodnocovaní. Analýza citlivosti...

Full description

Saved in:
Bibliographic Details
Main Author: Kardoš, Peter
Other Authors: Jakubec, Miroslav
Format: Book Chapter
Language:Slovak
Subjects:
Tags: Add Tag
No Tags, Be the first to tag this record!

MARC

LEADER 00000naa a2200000 4500
001 0136553
005 20250205131829.3
041 0 |a slo 
044 |a SK 
245 1 0 |a Odhad hodnoty zdravotníckeho zariadenia  |c Peter Kardoš, Miroslav Jakubec 
520 |a Stanovenie hodnoty zdravotníckeho zariadenia zameraného na poskytovanie zdravotníckych služieb, ktoré je prevádzkované, vrátane portfólia pacientov, vnútorného vybavenia ordinácií a súhrnného nehmotného majetku, ktorý je zabezpečovaný jednotlivými lekármi. Postup pri ohodnocovaní. Analýza citlivosti. 
610 2 0 |a zariadenia zdravotnícke 
610 2 0 |a ohodnocovanie podniku 
610 2 0 |a výnosy podnikové 
610 2 0 |a metódy 
100 1 |a Kardoš, Peter 
700 1 |a Jakubec, Miroslav